000 00663nam a2200229Ia 4500
003 OSt
005 20220923220945.0
006 a|||||r|||| 00| 0
007 ta
008 220922b |||||||| |||| 00| 0 hin d
024 _a192,755
037 _cTextual
040 _aARTS
_cARTS
_bhin
041 _2hin
_ahin
082 _aV2:1.J2, 152J5
100 _aशर्मा, बी0 के0
245 0 _aमध्यकालीन भारत का इतिहास
246 _aMadhyakālīn bhārat kā itihāsa
260 _c1955
942 _hV2:1.J2, 152J5
_cTEXL
_2CC
999 _c345290
_d345290